| 000 -LEADER |
| fixed length control field |
00670nam a2200217Ia 4500 |
| 001 - CONTROL NUMBER |
| control field |
3700 |
| 003 - CONTROL NUMBER IDENTIFIER |
| control field |
GE_BSU |
| 005 - DATE AND TIME OF LATEST TRANSACTION |
| control field |
20190628201529.0 |
| 008 - FIXED-LENGTH DATA ELEMENTS--GENERAL INFORMATION |
| fixed length control field |
181216s2004||||gw |||||||||||||| ||goh|| |
| 020 ## - INTERNATIONAL STANDARD BOOK NUMBER |
| International Standard Book Number |
3851323815 |
| 040 ## - CATALOGING SOURCE |
| Transcribing agency |
GE_BSU |
| 041 ## - LANGUAGE CODE |
| Language code of text/sound track or separate title |
goh |
| 080 ## - UNIVERSAL DECIMAL CLASSIFICATION NUMBER |
| Universal Decimal Classification number |
32(430) C-80 |
| 100 ## - MAIN ENTRY--PERSONAL NAME |
| Personal name |
Comte, Auguste |
| 9 (RLIN) |
3109 |
| 245 ## - TITLE STATEMENT |
| Title |
System der positiven Politik. 1. / |
| Remainder of title |
|
| Statement of responsibility, etc. |
Halbbd. enthaltend die Widmung und den vorläufigen Diskurs. Übers. u. m. Anm. versehen v. Jürgen Brankel, |
| 264 ## - PRODUCTION, PUBLICATION, DISTRIBUTION, MANUFACTURE, AND COPYRIGHT NOTICE |
| Place of production, publication, distribution, manufacture |
Wien : |
| Name of producer, publisher, distributor, manufacturer |
Verlag Turia + Kant, |
| Date of production, publication, distribution, manufacture, or copyright notice |
2004. |
| 300 ## - PHYSICAL DESCRIPTION |
| Extent |
390 p.; |
| Other physical details |
24 см. |
| 653 ## - INDEX TERM--UNCONTROLLED |
| keyword |
System der positiven Politik |
| 653 ## - INDEX TERM--UNCONTROLLED |
| keyword |
პოლიტიკა |
| 942 ## - ADDED ENTRY ELEMENTS (KOHA) |
| Koha item type |
წიგნი |
| Source of classification or shelving scheme |
|